[Event "NAO Open"]
[Site "Oklahoma USA"]
[Date "2008.05.24"]
[Round "3"]
[White "Chua,A"]
[Black "Holt,C"]
[Result "1/2-1/2"]
[WhiteElo "2279"]
[BlackElo "2175"]

1.c4 c6 2.d4 d5 3.cxd5 cxd5 4.Nc3 Nf6 5.Bf4 Nc6 6.e3 a6 7.Bd3 e6 8.Nf3 Bd6
9.Bg3 O-O 10.Rc1 Bxg3 11.hxg3 h6 12.a3 Qd6 13.O-O e5 14.dxe5 Nxe5 15.Nd4 b5
16.a4 b4 17.Nce2 Bb7 18.Bf5 g6 19.Bb1 Rac8 20.Rxc8 Rxc8 21.Nf3 Nxf3+ 22.gxf3 a5
23.Nd4 Ba6 24.Bd3 Bc4 25.b3 Ba6 26.Bb5 Bb7 27.Qd2 Qc5 28.Rd1 Qc3 29.Qxc3 Rxc3
30.Kf1 Kf8 31.Ke2 Ke7 32.Kd2 Nd7 33.Rc1 Rxc1 34.Kxc1 h5 35.Kd2 Nc5 36.f4 Ne4+
37.Ke1 Nc3 38.Bd3 Kd6 39.f3 Bc8 40.Kd2 Bd7 41.Bc2 Be8 42.Kc1 Bd7 43.Kd2 Bh3
44.Ke1  1/2-1/2

[Event "XXVII Open"]
[Site "Zalakarosi HUN"]
[Date "2008.05.24"]
[Round "3"]
[White "Petschar,H"]
[Black "Werner,Di"]
[Result "0-1"]
[WhiteElo "2084"]
[BlackElo "2300"]

1.c4 c6 2.Nf3 Nf6 3.e3 d6 4.d4 Bg4 5.Be2 Nbd7 6.O-O e5 7.Nc3 Be7 8.b4 O-O
9.a4 a5 10.b5 Re8 11.Ba3 e4 12.Nd2 Bxe2 13.Qxe2 Bf8 14.Rfd1 d5 15.c5 h5 16.Nf1 g6
17.Rab1 Ng4 18.Bc1 Re6 19.Bd2 Qg5 20.bxc6 bxc6 21.Rb7 Ndf6 22.Rdb1 Nh6 23.Rc7 Be7
24.Rcb7 Nf5 25.Be1 Nh4 26.f4 exf3 27.Bxh4 Qxh4 28.Qxf3 Ng4 29.Qf4 Nxe3 30.Rb8+ Rxb8
31.Rxb8+ Kg7 32.Qxh4 Bxh4 33.g3 Bf6 34.Ne2 Nf5  0-1

[Event "Mitropa Cup m"]
[Site "Olbia ITA"]
[Date "2008.05.29"]
[Round "5"]
[White "Zilka,S"]
[Black "Vitoux,C"]
[Result "1/2-1/2"]
[WhiteElo "2472"]
[BlackElo "2445"]

1.c4 c6 2.d4 d5 3.Nf3 Nf6 4.Nc3 dxc4 5.e4 b5 6.e5 Nd5 7.a4 h6 8.axb5 Nxc3
9.bxc3 cxb5 10.Ba3 e6 11.Bxf8 Kxf8 12.Be2 Bb7 13.O-O Bd5 14.Nd2 Nc6 15.Bf3 Bxf3
16.Qxf3 Qd5 17.Ra6 Qxf3 18.gxf3 Ne7 19.Rfa1 Nd5 20.Rxa7 Rxa7 21.Rxa7 g5 22.Ne4 Kg7
23.Kf1 Rb8 24.Nd6 Nxc3 25.Rxf7+ Kg8 26.Rf6 Nd5 27.Rg6+ Kh7 28.Rxe6 c3 29.Nf5 Rc8
30.Rxh6+ Kg8 31.Rd6 c2 32.Rxd5 c1=Q+ 33.Kg2 Kf7 34.Rd7+ Kg8 35.e6 Re8 36.d5 g4
37.Rg7+ Kf8 38.fxg4 Rxe6 39.dxe6 Qc6+ 40.Kg3 Qxe6 41.Rb7 Qe5+ 42.Kh4 Qxh2+
43.Kg5 Qxf2 44.Kg6 Ke8 45.Rxb5 Qa7 46.g5 Kf8 47.Re5 Qc7 48.Re7 Qc6+ 49.Kh7 Qh1+
50.Kg6 Qc6+ 51.Kh7 Qf6 52.Re8+ Kxe8  1/2-1/2

[Event "ch-CHN w"]
[Site "Beijing CHN"]
[Date "2008.05.31"]
[Round "3"]
[White "Tan Zhongyi"]
[Black "Shen Yang"]
[Result "0-1"]
[WhiteElo "2353"]
[BlackElo "2439"]

1.c4 c6 2.e4 d5 3.exd5 cxd5 4.d4 Nc6 5.Nc3 dxc4 6.Bxc4 Nxd4 7.Nf3 Nxf3+ 8.Qxf3 Nf6
9.Bg5 a6 10.O-O Qc7 11.Bb3 Bg4 12.Ba4+ Bd7 13.Bxd7+ Qxd7 14.Bxf6 gxf6 15.Rad1 Qc6
16.Nd5 Rd8 17.Rfe1 Rd6 18.Qf4 Rxd5 19.Qb8+ Kd7 20.Rxd5+ Qxd5 21.Rc1 Bh6 22.Qc7+ Ke6
23.Re1+ Kf5 24.Qc2+ Kg5 25.f4+ Kh5 26.Re5+ Qxe5 27.fxe5 Bg5 28.Qf5 e6 29.Qf3+ Kg6
30.Qxb7 fxe5 31.Qxa6 Rd8 32.Qe2 Kf6 33.a4 Rd2 34.Qf3+ Ke7 35.Qb7+ Rd7 36.Qb4+ Kf6
37.a5 Be3+ 38.Kf1 Bd4 39.a6 e4 40.Qb5 Ke7 41.b4 e3 42.Qc6 Rd6 43.Qc8 Rd8
44.Qb7+ Rd7 45.Qb8 Ba7 46.Qa8 Rc7 47.b5 f5 48.g3 Bd4 49.b6 Bxb6 50.Qb8 Rc1+
51.Ke2 Rc2+ 52.Kd1 Rd2+ 53.Kc1 Rd6 54.Qb7+ Kf6 55.Qxh7 e2  0-1

[Event "TCh-FRA Top 16 Poule Basse"]
[Site "Evry FRA"]
[Date "2008.05.31"]
[Round "10"]
[White "Garrido,De"]
[Black "Reinhart,E"]
[Result "0-1"]
[WhiteElo "2339"]
[BlackElo "2298"]

1.c4 c6 2.e3 d5 3.Nf3 Nf6 4.b3 Bf5 5.Bb2 e6 6.Be2 h6 7.O-O Nbd7 8.d3 Be7
9.Nbd2 O-O 10.Nd4 Bh7 11.f4 Qb6 12.Rb1 Rfe8 13.cxd5 exd5 14.Qe1 Bd6 15.Qf2 Bb4
16.Rfd1 Qa5 17.Nf1 c5 18.Nc2 Bc3 19.Bxc3 Qxc3 20.Rdc1 Qa5 21.b4 cxb4 22.Nxb4 Rac8
23.Qe1 Rxc1 24.Qxc1 Nc5 25.Qc3 Ne6 26.Bf3 d4 27.exd4 Qb6 28.Qb2 Nxd4 29.Kf2 Ne2+  0-1

[Event "Mitropa Cup m"]
[Site "Olbia ITA"]
[Date "2008.05.31"]
[Round "6"]
[White "Caruana,F"]
[Black "Haba,P"]
[Result "1-0"]
[WhiteElo "2620"]
[BlackElo "2544"]

1.c4 c6 2.d4 d5 3.Nf3 Nf6 4.e3 Bf5 5.Nc3 e6 6.Nh4 Be4 7.f3 Bg6 8.Qb3 Qb6
9.Nxg6 hxg6 10.Bd2 Nbd7 11.Qc2 Qc7 12.g3 Bd6 13.f4 g5 14.O-O-O Ng4 15.Re1 f5
16.h3 Ngf6 17.fxg5 Ne4 18.Nxe4 fxe4 19.Be2 Bxg3 20.Ref1 Ke7 21.h4 Raf8 22.h5 Rxf1+
23.Rxf1 Bh4 24.Bb4+ Ke8 25.Bg4 a5 26.Bd2 Nf8 27.cxd5 exd5 28.g6 Qg3 29.Bc8 Qc7
30.Bg4 Qg3 31.Bd1 Ne6 32.Rf7 Nd8 33.Rxg7 Be7 34.Qb3 Qg1 35.Bxa5 Bf6 36.Rh7 Rxh7
37.gxh7 Nf7 38.Bd2 Nd6 39.Qa3 Kd7 40.Qa8 Qg7 41.Bb4  1-0

[Event "XXX Nezhmetdinov Mem"]
[Site "Kazan RUS"]
[Date "2008.06.01"]
[Round "1"]
[White "Isajevsky,A"]
[Black "Burger,Ko"]
[Result "1/2-1/2"]
[WhiteElo "2440"]
[BlackElo "2120"]

1.c4 c6 2.Nf3 d5 3.e3 Nf6 4.Nc3 e6 5.b3 Bd6 6.Bb2 Nbd7 7.Qc2 a6 8.d4 O-O
9.Bd3 dxc4 10.bxc4 e5 11.O-O exd4 12.exd4 Re8 13.Rfe1 Rxe1+ 14.Rxe1 Nf8 15.Bc1 h6
16.h3 Be6 17.Be3 Qd7 18.Na4 Rd8 19.Nb6 Qc7 20.Rb1 Bf4 21.a4 N8h7 22.Qd2 Bxe3
23.Qxe3 Nf8 24.a5 N8d7 25.Nxd7 Rxd7 26.Qd2 Qd6 27.Re1 Rd8 28.Qb2 Qc7 29.Re3 Qf4
30.Qb4 Qc7 31.Qe1 Nh5 32.Rxe6 fxe6 33.Qxe6+ Qf7 34.Qg4 Nf6 35.Qf5 Qd7 36.Qg6 Qc7
37.c5 Qf7 38.Qf5 Qd7 39.Qg6 Qf7 40.Qg3 Nd5 41.Ne5 Qf6 42.Bc2 Nf4 43.Qb3+ Ne6
44.Qxb7 Nxd4 45.Bb3+ Nxb3 46.Qxb3+ Kh7 47.Ng4 Qf4 48.Qc2+ Kh8 49.g3 Qb4 50.Kg2 Qxa5
51.Ne5 Qc7 52.Qf5 Re8 53.f4 a5 54.Qg6 Re7 55.Qe4 Kg8 56.Qc4+ Kh7 57.Qe4+ Kg8
58.Qc4+ Kh7  1/2-1/2

[Event "Alushta Summer-3"]
[Site "Alushta UKR"]
[Date "2008.06.03"]
[Round "1"]
[White "Matsegora,T"]
[Black "Truskavetsky,A"]
[Result "0-1"]
[WhiteElo "2207"]
[BlackElo "2394"]

1.c4 c6 2.e4 e5 3.Nf3 d6 4.d4 Nd7 5.Be2 Ngf6 6.Nc3 Be7 7.O-O O-O 8.Qc2 Re8
9.Rd1 Qc7 10.Bg5 Ng4 11.Bc1 a6 12.h3 Ngf6 13.Be3 exd4 14.Nxd4 Bf8 15.Rac1 Nc5
16.Bf3 a5 17.Bf4 Nfd7 18.b3 Ne5 19.Bh5 g6 20.Be2 Bg7 21.Bg3 Qb6 22.Rb1 Bd7
23.a3 Rad8 24.b4 axb4 25.axb4 Ne6 26.Nxe6 Bxe6 27.Na4 Qa7 28.c5 d5 29.f4 Nc4
30.Bxc4 dxc4 31.Nb6 Qa3 32.Bf2 Rxd1+ 33.Rxd1 c3 34.Rb1 Qa2 35.Qxa2 Bxa2 36.Re1 c2
37.e5 Rd8 38.Be3 f6 39.Kf2 fxe5 40.fxe5 Bxe5 41.Bg5 Rf8+ 42.Ke2 Bc3 43.Rc1 Bb3
44.Kd3 Bxb4 45.Ra1 Rf5 46.Bh6 g5 47.Nc8 Rd5+ 48.Ke4 Bxc5 49.Ra8 Kf7  0-1

[Event "XVI Lasker Mem Open A"]
[Site "Barlinek POL"]
[Date "2008.06.07"]
[Round "8"]
[White "Danielsen,Hen"]
[Black "Cyborowski,L"]
[Result "1/2-1/2"]
[WhiteElo "2510"]
[BlackElo "2541"]

1.c4 c6 2.d4 d5 3.cxd5 cxd5 4.Nf3 Nc6 5.Nc3 Nf6 6.Bf4 a6 7.e3 Bg4 8.Be2 Bxf3
9.Bxf3 e6 10.O-O Bd6 11.Bxd6 Qxd6 12.Rc1 O-O  1/2-1/2

[Event "ch-FIN"]
[Site "Mantta FIN"]
[Date "2008.06.07"]
[Round "6"]
[White "Tuominen,R"]
[Black "Nyback,T"]
[Result "0-1"]
[WhiteElo "2296"]
[BlackElo "2587"]

1.c4 c6 2.e4 d5 3.exd5 cxd5 4.d4 Nf6 5.Nc3 e6 6.Bd3 dxc4 7.Bxc4 Be7 8.Nf3 O-O
9.O-O a6 10.a4 Nc6 11.Bg5 Bd7 12.Re1 Rc8 13.Rc1 Re8 14.Bb3 Nd5 15.Bxe7 Ncxe7
16.Nxd5 Nxd5 17.Bxd5 Rxc1 18.Qxc1 exd5 19.Rxe8+ Qxe8 20.b3 Qe4 21.h3 f6 22.Qe1 Kf7
23.Qb4 Bc6 24.Qd6 g5 25.Qc7+ Qe7 26.Qc8 Kg7 27.h4 h6 28.hxg5 hxg5 29.Qf5 Qe4
30.Qc8 Qe7 31.Qf5 Qb4 32.Qe6 Qf8 33.Ne1 Qe8 34.Qxe8 Bxe8 35.Nd3 a5 36.g4 Bg6
37.Nc1 Bc2 38.f3 Bd1 39.Kf2 b6 40.Ke3 Kf7 41.Na2 Bxb3 42.Nc3 Ke6 43.f4 Kd6
44.fxg5 fxg5 45.Kd2 Kc6 46.Kc1 Bc4 47.Kc2 Ba6 48.Nd1 Kd6 49.Nf2 Ke6 50.Kd2 Bc8
51.Kc3 Bd7 52.Kb3 Kf6 53.Ka3 Bxg4 54.Nxg4+ Kf5 55.Ne5 g4 56.Kb3 g3 57.Nf3 Ke4
58.Ng1 Kd3 59.Nf3 Ke2  0-1

[Event "XXX Nezhmetdinov Mem"]
[Site "Kazan RUS"]
[Date "2008.06.08"]
[Round "8"]
[White "Askarov,M"]
[Black "Looshnikov,N"]
[Result "0-1"]
[WhiteElo "2522"]
[BlackElo "2462"]

1.c4 c6 2.e4 d5 3.exd5 cxd5 4.cxd5 Nf6 5.Nc3 Nxd5 6.Nf3 Nc6 7.d4 Bg4 8.h3 Bxf3
9.gxf3 e6 10.Be3 Bb4 11.Qd2 Rc8 12.Rg1 Ne5 13.dxe5 Rxc3 14.bxc3 Bxc3 15.Rxg7 Qa5
16.Rc1 Bxd2+ 17.Bxd2 Qxa2 18.Bb5+ Ke7 19.Rg4 Qb2 20.Bg5+ f6 21.exf6+ Kf7
22.Bd3 Rg8 23.Bd2 h5 24.Rxg8 Kxg8 25.Be4 Qxf6 26.Rc8+ Kf7 27.Rb8 Qa1+ 28.Ke2 Qb2
29.Ke1 a5 30.f4 a4 31.f5 a3 32.fxe6+ Kxe6 33.Rd8 Qe5  0-1

[Event "TCh-BIH"]
[Site "Neum BIH"]
[Date "2008.06.08"]
[Round "5"]
[White "Dizdarevic,E"]
[Black "Konjicanin,M"]
[Result "1/2-1/2"]
[WhiteElo "2505"]
[BlackElo "2241"]

1.c4 c6 2.Nf3 d5 3.e3 Nf6 4.Qc2 g6 5.b3 Bg7 6.Bb2 O-O 7.Be2 Na6 8.a3 Bf5
9.d3 dxc4 10.Qxc4 Qb6 11.Nbd2 Rad8 12.Rc1 Nc7 13.O-O Qa6 14.Qxa6 Nxa6 15.d4 Nc7
16.Nc4 Ne4 17.Na5 Bc8 18.b4 Nd5 19.Rfd1 Rfe8 20.Ne5 Bh6 21.Bc4 f6 22.Nd3 Kf8
23.Rc2 Nxe3 24.fxe3 Bxe3+ 25.Kf1 Bxd4 26.Re1 Bxb2 27.Nxb2 Nd2+ 28.Ke2 Nxc4
29.Naxc4 Rd4 30.Rd2 Red8 31.Ke3 Rxd2 32.Nxd2 Kf7 33.Nd3 e5 34.Rc1 Bf5 35.Nc5 b6
36.Nce4 Bd7 37.Nf3 h5 38.h4 Be8 39.Nfd2 Ke7 40.g3 Rd4 41.Nb3 Rd8 42.Rf1 f5
43.Ng5 Bf7 44.Nxf7 Kxf7 45.Rc1 Rd6 46.Nd2 f4+ 47.gxf4 exf4+ 48.Ke2 Ke6 49.Rg1 Kd5
50.Kd3 Re6 51.Nc4 Rf6 52.Rg5+ Ke6 53.Re5+ Kd7 54.Re2 b5 55.Nd2 Rd6+ 56.Kc3 Rd5
57.Rf2 g5 58.Ne4 Ke6 59.Nxg5+ Kf5 60.Nh3 Kg4 61.Nxf4 Rf5 62.Nd3 Rxf2 63.Nxf2+ Kxh4
64.Ne4 Kh3 65.Kd4 h4 66.Kc5 Kg4 67.Kd4 Kf4 68.Nf2 Kf3 69.Nh3 Kg3 70.Ng5 Kg4
71.Ne4 Kf4 72.Nf2  1/2-1/2

[Event "XXX Nezhmetdinov Mem"]
[Site "Kazan RUS"]
[Date "2008.06.09"]
[Round "9"]
[White "Chernova,A"]
[Black "Filipenko,A"]
[Result "0-1"]
[WhiteElo "2195"]
[BlackElo "2341"]

1.c4 c6 2.Nf3 d5 3.e3 Nf6 4.Nc3 e6 5.b3 Nbd7 6.Bb2 Bd6 7.Qc2 O-O 8.Rg1 e5
9.cxd5 Nxd5 10.Ne4 Bc7 11.Ba3 Re8 12.g4 N7f6 13.h3 a5 14.Nfg5 Nxe4 15.Nxe4 Be6
16.Bc4 b5 17.Be2 Nb4 18.Qc3 Bd5 19.Nc5 e4 20.d4 exd3 21.Nxd3 Nxd3+ 22.Qxd3 Bh2
23.Rf1 Bg2 24.O-O-O Bxf1 25.Rxf1 Qf6 26.Bb2 Be5 27.Bxe5 Qxe5 28.Rd1 a4 29.Qd4 axb3
30.Qxe5 Rxe5 31.axb3 Ra1+ 32.Kb2 Rxd1 33.Bxd1 Kf8  0-1

[Event "58th ch-RUS w HL"]
[Site "Chelyabinsk RUS"]
[Date "2008.06.10"]
[Round "7"]
[White "Suslova,A"]
[Black "Schepetkova,M"]
[Result "0-1"]
[WhiteElo "2177"]
[BlackElo "2158"]

1.c4 c6 2.e4 d5 3.exd5 cxd5 4.d4 Nf6 5.Nc3 e6 6.Nf3 Bb4 7.a3 Bxc3+ 8.bxc3 O-O
9.Bd3 dxc4 10.Bxc4 Qc7 11.Qd3 Nbd7 12.O-O b6 13.Bg5 Bb7 14.Nd2 Rac8 15.f3 Rfe8
16.Rac1 Nd5 17.Ba2 Nf8 18.c4 Nf4 19.Bxf4 Qxf4 20.Ne4 Red8 21.Rfd1 e5 22.g3 Qh6
23.Qe2 Rxd4 24.Rxd4 Qxc1+ 25.Rd1 Qxa3 26.Rd3 Qe7 27.Nd6 Rc5 28.Nf5 Qf6 29.Nd6 Bc6
30.Kf2 g6 31.Rd2 Ne6 32.Ne4 Bxe4 33.Qxe4 Nd4 34.f4 Nc6 35.Kg2 exf4 36.gxf4 Qh4
37.Bb1 Qg4+ 38.Kh1 Qe6 39.Qxe6 fxe6 40.Bd3 e5 41.Be4 exf4 42.Rd7 Ne5 43.Bd5+ Kf8
44.Rxh7 b5 45.Rxa7 bxc4 46.Be4 c3 47.Bc2 g5 48.Kg1 Nf3+ 49.Kf2 Nxh2 50.Ra2 Ng4+
51.Ke2 Ne3 52.Kd3 Nxc2 53.Rxc2 Kf7 54.Kd4 Rc8 55.Ke5 Kg6 56.Ke4 Kh5 57.Kf3 Rc4
58.Ke2 g4 59.Kd3 Rc8 60.Ke4 Kg5  0-1

[Event "IM"]
[Site "Danang VIE"]
[Date "2008.06.13"]
[Round "5"]
[White "Bao Quang"]
[Black "Nguyen Hoang Nam"]
[Result "1-0"]
[WhiteElo "2332"]
[BlackElo "2294"]

1.c4 c6 2.Nf3 d5 3.b3 Nf6 4.Bb2 Bg4 5.e3 Nbd7 6.Be2 e6 7.O-O h6 8.d3 Bd6
9.Nbd2 O-O 10.h3 Bf5 11.a3 a5 12.d4 Ne4 13.Ne5 Nxd2 14.Qxd2 a4 15.b4 Bc7
16.Nf3 Nf6 17.Rfd1 Ne4 18.Qe1 Qf6 19.Ne5 Qg5 20.f4 Qe7 21.Rac1 f6 22.Ng4 h5
23.Nf2 Ng3 24.Nh1 Nxe2+ 25.Qxe2 Qf7 26.Ng3 Bg6 27.cxd5 exd5 28.h4 Rfe8 29.Qf2 Qe7
30.Re1 Qd7 31.Nf1 Re7 32.Bc3 Rae8 33.Bd2 Bf5 34.Rc3 g5 35.fxg5 fxg5 36.e4 Bxe4
37.Bxg5 Rf7 38.Qd2 Qg4 39.Nh2 Qd7 40.Nf3 Rf5 41.Ne5 Bxe5 42.dxe5 Rfxe5 43.Rg3 Kh7
44.Bf6 Rf5 45.Rg7+ Qxg7 46.Bxg7 Kxg7 47.Re3 Kh7 48.Rg3 Rg8 49.Rxg8 Kxg8 50.Qh6 Bd3
51.Qg6+ Kh8 52.Qe8+ Kg7 53.Qe7+ Rf7 54.Qe5+ Kf8 55.Qb8+ Kg7 56.Qe5+ Kf8 57.Qxh5 Bh7
58.Qe5 Rd7 59.Qd4 Bf5 60.h5 Rh7 61.Qf6+ Rf7 62.Qh8+ Ke7 63.Qe5+ Kd7 64.h6 Be4
65.g4 Re7 66.Qh8 b6 67.Qb8 c5 68.Qb7+ Ke8 69.Qc6+ Kf8 70.bxc5 bxc5 71.g5 d4
72.Qf6+ Ke8 73.g6 d3 74.g7 Bh7 75.Qf8+ Kd7 76.g8=Q Bxg8 77.Qxg8 Re6 78.Qf7+ Kd6
79.h7 d2 80.Qf4+  1-0

[Event "4th Open"]
[Site "Lodi ITA"]
[Date "2008.06.13"]
[Round "1"]
[White "Corvi,M"]
[Black "Bemporad,F"]
[Result "1-0"]
[WhiteElo "2347"]
[BlackElo "2044"]

1.c4 c6 2.Nf3 Nf6 3.b3 g6 4.Bb2 Bg7 5.g3 O-O 6.Bg2 d6 7.O-O e5 8.d3 Be6 9.Nbd2 Na6
10.Ng5 Qd7 11.Nxe6 Qxe6 12.d4 Rab8 13.Re1 Nc7 14.Qc2 Rbc8 15.c5 exd4 16.Bxd4 Nb5
17.Bb2 dxc5 18.Qxc5 Rfd8 19.Rad1 Nd7 20.Qc2 Nd4 21.Qb1 b6 22.Ne4 c5 23.e3 Nf5
24.Ng5 Qe7 25.h4 Ne5 26.Bd5 h6 27.Bxe5 Bxe5 28.Nxf7 Rxd5 29.Nxh6+ Nxh6 30.Qxg6+ Qg7
31.Qe6+ Qf7 32.Qxf7+ Kxf7 33.Rxd5 Ke6 34.Red1 Ng4 35.Rd8 Rc7 36.Re8+ Kf7
37.Rdd8 Bg7 38.Rc8 Rd7 39.Red8 Re7 40.Kg2 Bh6 41.Rd2 Bg7 42.Rcd8 Nf6 43.Kf3 Rc7
44.g4 Ke7 45.g5 Nd7 46.R8xd7+ Rxd7 47.Rxd7+ Kxd7 48.Ke4 Ke6 49.f4 Bb2 50.f5+ Kf7
51.Kd5 Bc3 52.e4 Be1 53.h5 Bd2 54.g6+ Kg7 55.e5 Bg5 56.f6+  1-0

[Event "4th Open"]
[Site "Lodi ITA"]
[Date "2008.06.13"]
[Round "1"]
[White "Lazic,Mir"]
[Black "Astengo,C"]
[Result "1-0"]
[WhiteElo "2539"]
[BlackElo "2137"]

1.c4 c6 2.g3 d5 3.Bg2 Nf6 4.Nf3 Bf5 5.O-O e6 6.b3 Nbd7 7.d3 Bd6 8.Bb2 Qe7
9.cxd5 cxd5 10.Nd4 a6 11.Nxf5 exf5 12.Nc3 f4 13.Nxd5 Nxd5 14.Bxd5 fxg3 15.fxg3 Nf6
16.Bxf6 gxf6 17.Rc1 h5 18.Rc4 Kf8 19.Rh4 Bxg3 20.hxg3 Qc5+ 21.Kh2 Qxd5 22.Rxf6 Re8
23.e4 Qd4 24.Qf3 Re7 25.Rf5 Rc7 26.Rhxh5 Qb2+ 27.Kh3 Rc2 28.Rxf7+ Ke8 29.Rf5 Rg8
30.Re5+ Kd8 31.Qf6+ Kc7 32.Re7+ Kb8 33.Qxb2 Rxb2 34.Rhh7  1-0

[Event "4th Open"]
[Site "Lodi ITA"]
[Date "2008.06.14"]
[Round "3"]
[White "Giretti Kanev,J"]
[Black "Astengo,M"]
[Result "1-0"]
[WhiteElo "2226"]
[BlackElo "2064"]

1.c4 c6 2.e4 e6 3.Nc3 Be7 4.Nf3 d6 5.d4 Nf6 6.Bd3 Nbd7 7.g4 h6 8.Qe2 e5 9.g5 hxg5
10.Bxg5 Ng4 11.Bxe7 Qxe7 12.O-O-O Nf8 13.h3 Nf6 14.c5 dxc5 15.dxe5 Nh5 16.Bc4 Ng6
17.Qd2 Nhf4 18.Nb5 O-O 19.Nd6 b5 20.Bf1 Be6 21.Rg1 Bxa2 22.h4 Bb3 23.Nf5 Qd8
24.Qxd8 Rfxd8 25.Rd6 a5 26.Rg5 Ne6 27.Rg3 Ngf4 28.Ne7+ Kf8 29.Nxc6 Rxd6 30.exd6 c4
31.Nfe5 f6 32.Nd7+ Ke8 33.Ndb8 Rxb8 34.Nxb8 Nh5 35.Re3 a4 36.Bh3 Nhf4 37.Bxe6 Nxe6
38.e5 f5 39.Nc6 Kd7 40.Nb4 Nc5 41.Kd2 Ke6 42.f4 Ne4+ 43.Kc1 Nf2 44.Nc6 Nd3+
45.Rxd3 cxd3 46.Nd4+ Kd7 47.Nxb3  1-0

[Event "Open"]
[Site "Teplice CZE"]
[Date "2008.06.17"]
[Round "4"]
[White "Ksieski,Z"]
[Black "Snorek,M"]
[Result "0-1"]
[WhiteElo "2406"]
[BlackElo "2127"]

1.c4 c6 2.Nf3 d5 3.e3 Nf6 4.Nc3 e6 5.Qc2 Nbd7 6.b3 a6 7.Bb2 Bd6 8.g4 Nxg4
9.Rg1 Nge5 10.Nxe5 Bxe5 11.d4 Bf6 12.O-O-O Qc7 13.f4 g6 14.Kb1 Bg7 15.e4 dxe4
16.Nxe4 O-O 17.Bd3 Nf6 18.Ng5 b6 19.d5 exd5 20.Bxf6 Bxf6 21.Nxh7 Kxh7 22.Bxg6+ fxg6
23.Rxg6 Qxf4 24.Rg5+ Qe4  0-1

[Event "Open"]
[Site "Teplice CZE"]
[Date "2008.06.20"]
[Round "7"]
[White "Jurcik,Mart"]
[Black "Snorek,M"]
[Result "1-0"]
[WhiteElo "2321"]
[BlackElo "2127"]

1.c4 c6 2.d4 d5 3.Nf3 Nf6 4.Qc2 dxc4 5.Qxc4 Bf5 6.g3 e6 7.Bg2 Nbd7 8.O-O Be7
9.Nc3 O-O 10.e3 a5 11.Rd1 a4 12.Qe2 Ne4 13.Bd2 Qb6 14.Be1 a3 15.b3 Nxc3 16.Bxc3 Be4
17.Nd2 Bxg2 18.Kxg2 c5 19.Rac1 Rfc8 20.Qf3 Qa6 21.d5 Nf6 22.Bxf6 Bxf6 23.Ne4 exd5
24.Rxd5 Bb2 25.Rcxc5 Rxc5 26.Nxc5 Qg6 27.Rd7 h6 28.Qxb7 Re8 29.Qd5 Re5 30.Qa8+ Kh7
31.Rd5 Re7 32.e4 h5 33.h4 f6 34.Rd8 Qf7 35.Rh8+ Kg6 36.Rf8 Ra7 37.Qc8  1-0

[Event "12th North American FIDE Inv"]
[Site "Chicago USA"]
[Date "2008.06.22"]
[Round "3"]
[White "Arnold,M"]
[Black "Stamnov,A"]
[Result "1-0"]
[WhiteElo "2276"]
[BlackElo "2239"]

1.c4 c6 2.e4 d5 3.exd5 cxd5 4.d4 Nf6 5.Nc3 Nc6 6.Bg5 dxc4 7.d5 Ne5 8.Qd4 Nd3+
9.Bxd3 cxd3 10.Nf3 g6 11.Bxf6 exf6 12.O-O Bg7 13.Qb4 Qd7 14.Nb5 Kd8 15.Rac1 a5
16.Qc5 Ra6 17.Na7 Rxa7 18.Qb6+ Ke8 19.Rfe1+ Kf8 20.Qxa7 Bh6 21.Qc5+ Kg7 22.Rcd1 Qa4
23.Rxd3 Qxa2 24.Qd4 Rd8 25.d6 b5 26.Qb6 Rd7 27.Qxb5  1-0

[Event "ch-PAR"]
[Site "Asuncion PAR"]
[Date "2008.06.24"]
[Round "9"]
[White "Gamarra,R"]
[Black "Perez Ferloni,J"]
[Result "1/2-1/2"]
[WhiteElo "2035"]
[BlackElo "1996"]

1.c4 c6 2.d4 d5 3.Nf3 Nf6 4.Nc3 e6 5.Bg5 Be7 6.e3 O-O 7.Qc2 Nbd7 8.Rc1 Re8
9.Be2 h6 10.Bh4 Ng4 11.Bg3 Ngf6 12.O-O Nh5 13.cxd5 exd5 14.Nxd5 Nxg3 15.Nxe7+ Qxe7
16.hxg3 Nf6 17.Ne5 Be6 18.Bc4 Rad8 19.Rfd1 Ng4 20.Nxg4 Bxg4 21.Re1 h5 22.f3 Be6
23.Bxe6 Qxe6 24.Qc4 Qg6 25.Kf2 Rd5 26.Qc2 Qd6 27.f4 c5 28.Qa4 Rd8 29.Rxc5 Rxc5
30.dxc5 Qxc5 31.Rd1 Rc8 32.Qd7 Rc7 33.Qe8+ Kh7 34.Qe4+ g6 35.Qd3 b5 36.Rd2 a5
37.a3 b4 38.axb4 axb4 39.Qb3 Kg7 40.Ke2 h4 41.g4 Qc6 42.Qd5 Qa6+ 43.Kf2 Rc8
44.Rd1 Rc2+ 45.Rd2 Qc8 46.Qd4+ Kh7 47.Qxb4 Rc1 48.Qe7 Qc4 49.Qxh4+ Kg7 50.Kf3 Qc6+
51.Kg3 Qe4 52.Re2 Qd3 53.Kf2 Qd1 54.Kf3 Qd5+ 55.Kg3 Qd1 56.Rf2 Qe1 57.Qd8 Qxe3+
58.Rf3 Qe1+ 59.Rf2 Qe3+ 60.Rf3 Qe1+  1/2-1/2

[Event "22th Open"]
[Site "Pula CRO"]
[Date "2008.06.24"]
[Round "5"]
[White "Fucak,E"]
[Black "Bodiroga,P"]
[Result "1/2-1/2"]
[WhiteElo "2254"]
[BlackElo "2405"]

1.c4 c6 2.Nf3 Nf6 3.b3 g6 4.Bb2 Bg7 5.e3 O-O 6.d4 d6 7.Nc3 Nbd7 8.Qd2 Qc7
9.Rd1 a6 10.Bd3 b5 11.O-O Bb7 12.Ne4 Ne8 13.Rc1 Qb8 14.Rfd1 Nc7 15.c5 d5
16.Ng3 f5 17.Ng5 a5 18.f3 Qd8 19.e4 dxe4 20.fxe4 f4 21.Ne2 e5 22.Nf3 exd4
23.Bxd4 Bxd4+ 24.Nexd4 Ne5 25.Bb1 Ng4 26.Ne2 Ne6 27.Qd7 Qxd7 28.Rxd7 Rf7
29.Rd6 Re7 30.h3 Nh6 31.e5 Nf7 32.Be4 Rc8 33.a3 Neg5 34.Nxg5 Nxg5 35.Bd3 f3
36.Nd4 fxg2 37.Kxg2 Rxe5 38.b4 axb4 39.axb4 Rf8 40.Rf1 Nf7 41.Ne6 Re8 42.Rxf7 Kxf7
43.Nd8+ Rxd8 44.Rxd8 Kf6 45.Kf3 Re7 46.h4 Ke5 47.Be4 Rc7 48.Ke3 Bc8 49.Rd6 Bd7
50.Bf3 Be8 51.Bg4 Bf7 52.Bf3 Bd5 53.Bxd5 cxd5 54.Rb6 Ra7 55.Rxb5 Ra3+ 56.Kf2 Rh3
57.c6 Rc3 58.Rb7 Rxc6 59.Rxh7 Kd4 60.Rh6 Kd3 61.b5 Rc2+ 62.Kf3 Rb2 63.b6 Rxb6
64.h5 Rf6+ 65.Kg3 Rf1 66.hxg6 Rg1+ 67.Kf2 Rg5 68.Rh3+ Kd2 69.Rg3 Rf5+ 70.Rf3 Rg5
71.Rg3 Rf5+ 72.Kg2 Rf8 73.g7 Rg8 74.Kf3 Kd3 75.Kf4+ Kc4 76.Ke5 d4 77.Rg4 Kc3  1/2-1/2

[Event "White Nights Open"]
[Site "St Petersburg RUS"]
[Date "2008.06.26"]
[Round "6"]
[White "Maevsky,N"]
[Black "Stepaniants,A"]
[Result "1-0"]
[WhiteElo "2143"]
[BlackElo "2000"]

1.c4 c6 2.Nf3 d5 3.b3 Nf6 4.g3 g6 5.Bb2 dxc4 6.bxc4 Bg7 7.Bg2 Qb6 8.Bd4 c5
9.Bc3 Nc6 10.O-O O-O 11.d3 Qc7 12.Nbd2 b6 13.a4 Bb7 14.Qc2 Rad8 15.Qb2 a5
16.Nb1 Nd4 17.Nxd4 cxd4 18.Bd2 Bxg2 19.Kxg2 e5 20.Na3 h6 21.Rab1 Qc6+ 22.Kg1 Nd7
23.Rfc1 e4 24.Qb5 Qd6 25.c5 bxc5 26.dxe4 Rfe8 27.Nc4 Qe6 28.Bf4 g5 29.Bc7 Rc8
30.Qb7 Bf8 31.e5 f6 32.exf6 Nxf6 33.Nb6 Rxc7 34.Qxc7 Ne4 35.Qb7 Nc3 36.Rxc3 dxc3
37.Nd5 Bg7 38.Qb3 Kh8 39.Nxc3 Qxb3 40.Rxb3 c4 41.Ra3 Bf8 42.Ra2 Rb8 43.Nb5 Rc8
44.Rc2 Kg7 45.f4 Kf6 46.e4 Bc5+ 47.Kg2 Bb4 48.Kf3 c3 49.Ke3 Ke7 50.e5 Ke6
51.Nd4+ Kd5 52.Kd3 gxf4 53.gxf4 Rf8 54.Ne2 Rf7 55.Rc1 Rf5 56.Rf1 Rh5 57.Rf3 c2
58.h3 Rh4 59.Kxc2  1-0

[Event "Svein Johannessen Mem"]
[Site "Oslo NOR"]
[Date "2008.06.27"]
[Round "1"]
[White "Nygaard,T"]
[Black "Grotnes,N"]
[Result "1/2-1/2"]
[WhiteElo "1842"]
[BlackElo "2256"]

1.c4 c6 2.g3 d5 3.Bg2 Nf6 4.cxd5 cxd5 5.d3 Nc6 6.Nc3 e6 7.Bd2 Be7 8.e4 Nb4
9.Bg5 d4 10.Nce2 Qa5 11.Bxf6 Bxf6 12.Kf1 Qa6 13.Nf4 Bd7 14.a3 Nc6 15.Nf3 Ne5
16.Nxe5 Bxe5 17.Ne2 Ba4 18.b3 Bb5 19.f4 Bc7 20.Nc1 Rc8 21.a4 e5 22.f5 Bd8
23.h4 Rc3 24.Ke2 Be7 25.Ra2 Bd7 26.Rc2 Qh6 27.Rxc3 Qe3+ 28.Kf1 dxc3 29.Qe1 Qd2
30.Bf3 O-O 31.Qxd2 cxd2 32.Na2 Rc8 33.Bd1 Ba3 34.Ke2 Bc1 35.Nb4 Kf8 36.Nd5 b5
37.axb5 Bxb5 38.g4 a5 39.g5 Bc6 40.Nb6 Rd8 41.Nc4 a4 42.bxa4 f6 43.gxf6 gxf6
44.Rg1 Ra8 45.Nb6 Ra6 46.Nc4 Bxa4 47.Ne3 Be8 48.Kf2 Bb2  1/2-1/2

[Event "IV Open"]
[Site "Sort ESP"]
[Date "2008.06.27"]
[Round "5"]
[White "Kovalyov,A"]
[Black "Burmakin,V"]
[Result "1/2-1/2"]
[WhiteElo "2525"]
[BlackElo "2615"]

1.c4 c6 2.Nf3 d5 3.e3 Nf6 4.d4 g6 5.Nbd2 Bg7 6.Be2 O-O 7.O-O dxc4 8.Nxc4 c5
9.b3 Nc6 10.Bb2 cxd4 11.Nxd4 Nxd4 12.Bxd4 Be6 13.Rc1 Bd5 14.Bf3 Bxf3 15.Qxf3 Qd5
16.Rfd1 Qxf3 17.gxf3 Rfc8 18.Na5 Rxc1 19.Rxc1 b6 20.Nc6 Nd5 21.Rd1 Bxd4 22.Rxd4 e6
23.e4 Nf6 24.Kf1 Kf8 25.Ke2 Ke8 26.Rd6 Nd7 27.b4 Rc8 28.Ke3 h6 29.a3 a6 30.f4 b5
31.Kd4 Rc7 32.f5 gxf5 33.exf5 exf5 34.Rxh6 Kf8 35.Ne5 f6 36.Nxd7+ Rxd7+ 37.Kc5 Kg7
38.Rh3 Rd2 39.Rf3 Kg6 40.Kb6 Kg5 41.Kxa6 f4 42.Kxb5 Kg4 43.Rb3 f3 44.Kc4 Rxf2
45.Kd3 Ra2 46.b5 f2 47.Rb1 Kf3 48.b6 Rb2 49.Rxb2 f1=Q+ 50.Kc3 Qc1+ 51.Kb3 Qc6
52.Ka2 Qb7 53.Rb4 f5 54.h4 f4 55.h5 Kg2 56.Rb2+ Kg3 57.h6 f3 58.Rb3 Kg4 59.Rb2 Qd5+
60.Ka1 Qe5 61.b7 f2 62.b8=Q f1=Q+ 63.Ka2 Qxb8 64.Rxb8 Qc4+ 65.Rb3 Kg5 66.Kb2 Kxh6
67.Rb4 Qd3 68.Ka2 Kg6 69.Kb2 Kf6 70.Ka2 Ke5 71.Kb2 Kd5 72.Ka2 Qc3 73.Rb3 Qc4
74.Kb2 Qe2+ 75.Ka1 Kc4 76.Rb2 Qe6 77.Ka2 Kc3+ 78.Ka1 Qe1+ 79.Ka2 Qd1 80.Rb4 Qd2+
81.Ka1 Qc2 82.Rb1 Qa4 83.Ka2 Qc4+ 84.Ka1 Qa6 85.Ka2 Qg6 86.Rb2 Qh7 87.Rb4 Kc2
88.Rc4+ Kd2 89.Rd4+ Kc3 90.Rb4 Qc2+ 91.Ka1 Qf2 92.Rb1 Qe2 93.Rb4 Qd3 94.Rb2 Qh7
95.Ka2 Qf7+ 96.Ka1 Qf1+ 97.Ka2 Qc1 98.Rb4 Qd2+ 99.Ka1 Qd3 100.Rb2 Qg6 101.Ka2 Kd3
102.Ka1 Qe6 103.Rb4 Kc3 104.Rb2 Qd5 105.Rb4 Qe5 106.Rb2 Qf6 107.Ka2 Qe6+
108.Ka1 Qf7 109.Rb4 Qa7 110.Ka2 Qf2+ 111.Ka1 Qc2 112.Rb1 Qa4 113.Ka2 Qc4+
114.Ka1 Qa6 115.Ka2 Qe6+  1/2-1/2